Proceso histórico de la metrópoli guanajuatense (Record no. 9275)

MARC details
000 -CABECERA
campo de control de longitud fija 00702nam a2200229 a 4500
001 - NÚMERO DE CONTROL
campo de control BRL_463
005 - FECHA Y HORA DE LA ÚLTIMA TRANSACCIÓN
campo de control 20190320210743.0
008 - DATOS DE LONGITUD FIJA--INFORMACIÓN GENERAL
campo de control de longitud fija 160813s1948----mx-a######---#000-0#spa-#
041 ## - CÓDIGO DE LENGUA
Código de lengua del texto/banda sonora o título independiente spa
044 ## - CÓDIGO DEL PAÍS DE LA ENTIDAD EDITORA/PRODUCTORA
Código MARC del país mx
050 #4 - SIGNATURA TOPOGRÁFICA DE LA BIBLIOTECA DEL CONGRESO
Número de clasificación F1281
Número de documento/Ítem .V37 1948
100 1# - ENTRADA PRINCIPAL--NOMBRE DE PERSONA
Nombre de persona Vargas, Fulgencio
9 (RLIN) 23992
245 10 - MENCIÓN DE TÍTULO
Título Proceso histórico de la metrópoli guanajuatense
Mención de responsabilidad, etc. Fulgencio Vargas ; dibujos originales y especiales de Alfonso Vargas Procel.
260 ## - PUBLICACIÓN, DISTRIBUCIÓN, ETC.
Lugar de publicación, distribución, etc. México D.F.
Nombre del editor, distribuidor, etc. B. Costa-Amic.
Fecha de publicación, distribución, etc. 1948
300 ## - DESCRIPCIÓN FÍSICA
Extensión 138 p.
Otras características físicas il. dibujos.
Dimensiones 18 cm.
500 ## - NOTA GENERAL
Nota general Au480
500 ## - NOTA GENERAL
Nota general Ejemplar intonso.
651 #4 - PUNTO DE ACCESO ADICIONAL DE MATERIA--NOMBRE GEOGRÁFICO
Nombre geográfico Guanajuato
Subdivisión general Historia
9 (RLIN) 23993
700 1# - PUNTO DE ACCESO ADICIONAL--NOMBRE DE PERSONA
Nombre de persona Vargas Procel, Alfonso
Término indicativo de función/relación il.
9 (RLIN) 23994
902 ## - CATALOGADOR
Iniciales GRL
942 ## - ELEMENTOS DE PUNTO DE ACCESO ADICIONAL (KOHA)
Fuente del sistema de clasificación o colocación Library of Congress Classification
Tipo de ítem Koha Libros
Holdings
Estado de retiro Estado de pérdida Estado dañado No para préstamo Localización permanente Ubicación/localización actual Fecha de adquisición Número de inventario Total de préstamos Signatura topográfica completa Código de barras Fecha visto por última vez Precio válido a partir de Tipo de ítem Koha
El ejemplar forma parte de la colección y puede ser consultado según las políticas vigentes.       Biblioteca Centro de Estudios Ruth D. Lechuga Biblioteca Centro de Estudios Ruth D. Lechuga 16/08/2013 Au480   F1281 .V37 1948 (Au480) GRL00497 22/03/2019 22/03/2019 Libros